000 nam a22 4500
999 _c28900
_d28900
008 170427b xxu||||| |||| 00| 0 eng d
020 _a1891487205
050 _aP 99.5 .H53 2004
100 _aHickson, Mark
245 _aNonverbal communictaion :
_bstudies and applications /
_cMark Hickson III
250 _a4th ed.
260 _aCalifornia :
_bRoxbury Publishing Company,
_cc2004.
300 _axiii, 503p. :
_bill. ;
_c25 cm.
500 _aIncludes bibliographical references and index.
650 _aNonverbal commictaion.
700 _aStacks, Don W
700 _aMoore, Nina-Jo
942 _2lcc
_cBOOKS
_hP 99.5 .H53 2004